John Steinbeck Bibliography Quiz Stats

 Plays Quiz Updated Feb 12, 2020

Support Sporcle.
Go Orange.
Score 0/26 Timer 06:00
1 Play Today
Year Book % Correct
1939The Grapes of Wrath
91.3%
1937Of Mice and Men
88.1%
1952East of Eden
61.7%
1947The Pearl
51.1%
1945Cannery Row
47.3%
1933The Red Pony
40.6%
1935Tortilla Flat
37.5%
1962Travels with Charley: In Search of America
29.8%
1961The Winter of Our Discontent
21.6%
1942The Moon Is Down
16.9%
1936In Dubious Battle
14.8%
1954Sweet Thursday
14.8%
1929Cup of Gold
14.5%
Year Book % Correct
1947The Wayward Bus
13.1%
1933To a God Unknown
11.5%
1938The Long Valley
11.2%
1941Sea of Cortez: A Leisurely Journal of Travel and Research
11.1%
1932The Pastures of Heaven
10.9%
1951The Log from the Sea of Cortez
9.9%
1966America and Americans
9.4%
1950Burning Bright
8.8%
1958Once There Was A War
8.6%
1948A Russian Journal
8%
1957The Short Reign of Pippin IV: A Fabrication
7.9%
1942Bombs Away: The Story of a Bomber Team
7.7%
1941Forgotten Village
6.8%

From the Vault

NFL Teams by Division Blitz

by El_Dandy

Sports 30s
You never would've thought you could've named every one in 30 seconds before this.
Remove Ads.
Support Sporcle.
Get the best of Sporcle when you Go Orange. This ad-free experience offers more features, more stats, and more fun while also helping to support Sporcle. Thank you for becoming a member.

Show Comments

Extras

Top Quizzes Today


Score Distribution

Your Account Isn't Verified!

In order to create a playlist on Sporcle, you need to verify the email address you used during registration. Go to your Sporcle Settings to finish the process.

Report this User

Report this user for behavior that violates our Community Guidelines.

Details: